[Event "CAMPEONATO SUBZONAL 2.3.5"]
[Site "Duran"]
[Date "2012.03.08"]
[Round "5.5"]
[White "Lopez, Jasel"]
[Black "Pazos Gambarrotti, Plinio"]
[Result "0-1"]
[WhiteElo "2138"]
[BlackElo "2267"]
[PlyCount "112"]
[EventDate "2012.03.05"]

1. d4 Nf6 2. c4 e6 3. Nc3 d5 4. Nf3 c6 5. e3 Nbd7 6. Bd3 Bd6 7. O-O O-O 8. e4
dxe4 9. Nxe4 Be7 10. Qe2 b6 11. b3 Bb7 12. Bb2 Qc7 13. Rfd1 Rad8 14. a3 Qb8 15.
b4 c5 16. dxc5 bxc5 17. Nxf6+ Bxf6 18. Bxf6 Nxf6 19. Ne5 Qc7 20. Rd2 Ne4 21.
Bxe4 Rxd2 22. Qxd2 Qxe5 23. Re1 Bxe4 24. f3 Qc7 25. Rxe4 Rd8 26. Qc3 cxb4 27.
axb4 Rd1+ 28. Kf2 Qxh2 29. c5 h5 30. c6 Qg1+ 31. Kg3 Rc1 32. Qe5 Rc2 33. Re2
Rxc6 34. Qxh5 Qd1 35. b5 Rb6 36. Qg5 Rd6 37. Re4 Rd8 38. Rg4 Qd6+ 39. Kh3 Qf8
40. Qe3 Rd5 41. Qxa7 Rxb5 42. Qc7 Rc5 43. Qd7 Rh5+ 44. Kg3 Qb8+ 45. Kf2 Rd5 46.
Qa4 Rd2+ 47. Ke3 Rb2 48. Qa5 e5 49. Qa6 Qd8 50. Qc6 Qd2+ 51. Ke4 Qd4+ 52. Kf5
g6+ 53. Kg5 Rxg2 54. Kf6 e4+ 55. Ke7 Qe5+ 56. Kd8 Rxg4 0-1

[Event "CAMPEONATO SUBZONAL 2.3.5"]
[Site "Duran"]
[Date "2012.03.08"]
[Round "5.6"]
[White "Aucay Pelaez, Mauro"]
[Black "Palma Moscoso, Alvaro Dario"]
[Result "1-0"]
[WhiteElo "2258"]
[BlackElo "2126"]
[PlyCount "101"]
[EventDate "2012.03.05"]

1. e4 c5 2. Nf3 Nc6 3. d4 cxd4 4. Nxd4 Nf6 5. Nc3 d6 6. f3 e6 7. Be3 Be7 8. Qd2
O-O 9. g4 Nd7 10. O-O-O a6 11. h4 Nxd4 12. Qxd4 b5 13. g5 Rb8 14. Kb1 b4 15.
Na4 Qc7 16. h5 Nc5 17. Nxc5 dxc5 18. Qc4 Rd8 19. Bh3 Bd7 20. g6 Rb6 21. gxf7+
Kxf7 22. e5 Qxe5 23. Bf4 Qf6 24. Bc7 Bb5 25. Qe4 Bc6 26. Qxe6+ Qxe6 27. Bxe6+
Kxe6 28. Rhe1+ Kf5 29. Bxd8 Bxd8 30. Rxd8 Bxf3 31. Rf1 Kg4 32. Rg1+ Kxh5 33.
Rxg7 Be4 34. Rc8 Rb5 35. Kc1 Bg6 36. Rgc7 Kg4 37. Rxc5 Rb7 38. R8c6 Rf7 39.
Rc4+ Kf3 40. Rxb4 a5 41. Rbb6 Rg7 42. Kd2 Bf5 43. Rb3+ Ke4 44. Re3+ Kd4 45. c3+
Kd5 46. Ra6 Kc4 47. Rxa5 Rd7+ 48. Kc1 Bd3 49. Rf3 Re7 50. Rf4+ Be4 51. Kd2 1-0

[Event "CAMPEONATO SUBZONAL 2.3.5"]
[Site "Duran"]
[Date "2012.03.08"]
[Round "5.7"]
[White "Del Castilho, Martyn"]
[Black "Infante, Miguel"]
[Result "0-1"]
[WhiteElo "2218"]
[BlackElo "2314"]
[PlyCount "24"]
[EventDate "2012.03.05"]

1. e4 c5 2. Nf3 d6 3. d4 cxd4 4. Nxd4 Nf6 5. Nc3 a6 6. Be3 e5 7. Nb3 Be7 8. f3
Be6 9. Qd2 O-O 10. O-O-O b5 11. Kb1 Nc6 12. Be2 Qc7 0-1

[Event "CAMPEONATO SUBZONAL 2.3.5"]
[Site "Duran"]
[Date "2012.03.08"]
[Round "5.8"]
[White "Barros Rivadeneira, Cristhian"]
[Black "Harper, Ryan"]
[Result "1-0"]
[WhiteElo "2122"]
[BlackElo "2253"]
[PlyCount "75"]
[EventDate "2012.03.05"]

1. c4 e5 2. Nc3 Nf6 3. g3 Nc6 4. Bg2 Bc5 5. d3 d6 6. Nf3 h6 7. O-O O-O 8. a3 a6
9. h3 Be6 10. b4 Ba7 11. Bb2 Qd7 12. Kh2 Nh7 13. e4 f5 14. Nd5 Bxd5 15. cxd5
Ne7 16. Qe2 Rae8 17. Rac1 fxe4 18. dxe4 Rf7 19. h4 g5 20. Bh3 g4 21. Nxe5 dxe5
22. Bxg4 Qd6 23. Be6 Ng6 24. Qg4 Rxe6 25. dxe6 Rg7 26. Rcd1 Qf8 27. Rd7 Ne7 28.
Qd1 Bd4 29. Bxd4 exd4 30. Qxd4 Qf3 31. Qd1 Qf6 32. Qb3 Qe5 33. Rd8+ Nf8 34. Qf3
Neg6 35. h5 Qg5 36. Rfd1 Qe7 37. hxg6 Rxg6 38. R1d7 1-0

[Event "CAMPEONATO SUBZONAL 2.3.5"]
[Site "Duran"]
[Date "2012.03.08"]
[Round "5.9"]
[White "Bassan, Remo"]
[Black "Abreu Jean, Carlos Paul"]
[Result "0-1"]
[WhiteElo "2279"]
[BlackElo "2211"]
[PlyCount "100"]
[EventDate "2012.03.05"]

1. e4 c5 2. Nf3 e6 3. Nc3 a6 4. d4 cxd4 5. Nxd4 b5 6. a4 b4 7. Nce2 Bb7 8. Ng3
Qc7 9. Bd3 Nf6 10. O-O h5 11. Re1 Bc5 12. c3 Nc6 13. Be3 Ne5 14. Rc1 b3 15. h3
Bd6 16. Bg5 Kf8 17. Nxb3 Nxd3 18. Qxd3 Bxg3 19. Qxg3 Qxg3 20. fxg3 Nxe4 21. Bf4
f5 22. Na5 Bc8 23. Nc4 Ke7 24. Rxe4 fxe4 25. Bd6+ Kf6 26. Rf1+ Kg6 27. Nb6 Bb7
28. Nxa8 Bxa8 29. c4 Rc8 30. b3 Rc6 31. c5 Rc8 32. Kf2 Bd5 33. b4 Bc6 34. Ra1
Kf5 35. Ke3 e5 36. b5 axb5 37. a5 b4 38. a6 Ke6 39. a7 Kd5 40. Ra6 b3 41. Rb6
Ra8 42. Bb8 Kc4 43. Kd2 Bb5 44. Bxe5 Rxa7 45. Bb2 Ra2 46. Kc1 e3 47. Rb8 e2 48.
Re8 Kd3 49. Re5 Rxb2 50. Kxb2 Kd2 0-1

[Event "CAMPEONATO SUBZONAL 2.3.5"]
[Site "Duran"]
[Date "2012.03.08"]
[Round "5.10"]
[White "Moncada Russo, Bryan"]
[Black "Puntier, William"]
[Result "0-1"]
[WhiteElo "1905"]
[BlackElo "2343"]
[PlyCount "106"]
[EventDate "2012.03.05"]

1. e4 c5 2. Nf3 e6 3. d4 cxd4 4. Nxd4 a6 5. Be2 Nf6 6. Nc3 d6 7. O-O Be7 8. a4
O-O 9. f4 Qc7 10. Bf3 Nc6 11. Kh1 Nxd4 12. Qxd4 e5 13. Qd1 exf4 14. Bxf4 Be6
15. Nd5 Bxd5 16. exd5 Nd7 17. Qd2 Bf6 18. c3 Be5 19. Bxe5 Nxe5 20. Be4 Qe7 21.
Bd3 g6 22. a5 f5 23. c4 Rac8 24. Rac1 Qh4 25. Rf4 Qh6 26. Rf2 f4 27. Be2 g5 28.
b4 Rf6 29. Rc3 Rcf8 30. c5 g4 31. h3 Qh4 32. Bf1 f3 33. gxf3 g3 34. Re2 Nxf3
35. Rxf3 Rxf3 36. Bg2 Qf6 37. Re1 Rf4 38. cxd6 Qxd6 39. Qe3 Rxb4 40. Qe6+ Qxe6
41. dxe6 Re8 42. Bd5 h5 43. h4 Rxh4+ 44. Kg2 Rb4 45. Kxg3 Rb5 46. Bf3 Re7 47.
Kh4 Kf8 48. Bxh5 Rh7 49. e7+ Rxe7 50. Rh1 Kg7 51. Ra1 Re4+ 52. Bg4 Rbb4 53. Rg1
Kf6 0-1

[Event "CAMPEONATO SUBZONAL 2.3.5"]
[Site "Duran"]
[Date "2012.03.08"]
[Round "5.11"]
[White "Hernandez, Alexander"]
[Black "Matoewi, Roger"]
[Result "1-0"]
[WhiteElo "2290"]
[BlackElo "2128"]
[PlyCount "139"]
[EventDate "2012.03.05"]

1. e4 c5 2. Nf3 d6 3. d4 cxd4 4. Nxd4 Nf6 5. Nc3 g6 6. Be2 Bg7 7. O-O O-O 8.
Re1 Nc6 9. Nb3 Nd7 10. Bf1 Nb6 11. a4 a5 12. Nd5 Be6 13. c3 Rc8 14. Be3 Nd7 15.
Nf4 Bxb3 16. Qxb3 Rb8 17. Nd5 e6 18. Nb6 Nxb6 19. Bxb6 Qe7 20. Rad1 h5 21. f4
Qf6 22. f5 Ne5 23. Bc7 gxf5 24. exf5 Qxf5 25. Bxd6 Ng4 26. Qb6 Rbd8 27. h3 Ne5
28. Qf2 Rfe8 29. Qxf5 exf5 30. Bc7 Rxd1 31. Rxd1 f4 32. Rd8 Rxd8 33. Bxd8 f3
34. Bxa5 Bh6 35. gxf3 Nxf3+ 36. Kf2 Nd2 37. Bd3 Nb3 38. Bb6 Bf8 39. Bc4 Nc5 40.
Bb5 Kg7 41. Ke3 Kf6 42. b4 Ne6 43. Be2 Bh6+ 44. Kf2 Bd2 45. Bxh5 Bxc3 46. b5
Ke7 47. Bf3 Nd8 48. Ke3 Kd7 49. h4 Bf6 50. h5 Bg5+ 51. Ke4 Ne6 52. Kf5 Kc8 53.
Bd5 Bc1 54. Bxe6+ fxe6+ 55. Kxe6 Bh6 56. Kf7 Bc1 57. Bd4 Kc7 58. Kg6 Kd6 59. h6
Bxh6 60. Kxh6 Kd5 61. a5 Kd6 62. Kg5 Kc7 63. Kf5 Kb8 64. Ke6 Ka8 65. Kd6 Kb8
66. Kc5 Ka7 67. Bg1 Kb8 68. Kb6 Ka8 69. a6 bxa6 70. Kxa6 1-0

[Event "CAMPEONATO SUBZONAL 2.3.5"]
[Site "Duran"]
[Date "2012.03.08"]
[Round "5.12"]
[White "Meza Ponce, Jeison"]
[Black "Palacios Zambrano, Victor"]
[Result "1/2-1/2"]
[WhiteElo "2232"]
[BlackElo "2074"]
[PlyCount "112"]
[EventDate "2012.03.05"]

1. e4 d5 2. Nc3 dxe4 3. Nxe4 Nd7 4. Ng5 e6 5. d4 Ngf6 6. Bd3 Be7 7. N1f3 h6 8.
Ne4 O-O 9. Bf4 b6 10. Qd2 Re8 11. Nxf6+ Nxf6 12. Ne5 Bb7 13. Bb5 Rf8 14. Nc6
Bxc6 15. Bxc6 Rb8 16. c4 Bd6 17. Be3 e5 18. O-O Ng4 19. h3 Nxe3 20. fxe3 Qg5
21. Qf2 exd4 22. exd4 f5 23. Qf3 Bg3 24. Rad1 Rf6 25. Rd3 f4 26. Rd2 Kh8 27.
Re2 Rd8 28. d5 Rf7 29. Re4 Rdf8 30. Rd1 Re7 31. Re6 Rd8 32. Re4 Qf6 33. Rxe7
Qxe7 34. Kh1 Qe5 35. Qa3 Qf6 36. Rf1 a5 37. Qb3 Qe5 38. Qc2 Rf8 39. a3 Rf7 40.
b4 Re7 41. bxa5 Qe1 42. Qb1 Qxa5 43. Qb4 Rf7 44. Qxa5 bxa5 45. a4 Re7 46. Rd1
Kg8 47. Kg1 Re1+ 48. Rxe1 Bxe1 49. Kf1 Bb4 50. Kf2 Kf7 51. Kf3 Bd2 52. Ke4 Kf6
53. Bb5 Be3 54. g3 g5 55. gxf4 gxf4 56. c5 Bxc5 1/2-1/2

[Event "CAMPEONATO SUBZONAL 2.3.5"]
[Site "Duran"]
[Date "2012.03.08"]
[Round "5.13"]
[White "Zavarce, Oscar Enrique"]
[Black "De Mey, Juan Pablo"]
[Result "1-0"]
[WhiteElo "2190"]
[BlackElo "1879"]
[PlyCount "63"]
[EventDate "2012.03.05"]

1. e4 c5 2. Nf3 a6 3. c4 e6 4. Nc3 d6 5. Be2 Be7 6. O-O b6 7. d4 cxd4 8. Nxd4
Qc7 9. Be3 Nd7 10. Qd2 Ngf6 11. f3 Bb7 12. Rfc1 O-O 13. b4 Rac8 14. Rab1 Bd8
15. a4 Qb8 16. Kh1 Qa8 17. Nb3 Bc7 18. a5 Rfd8 19. Na4 bxa5 20. Nxa5 Nxe4 21.
fxe4 Bxe4 22. Bd3 Bxd3 23. Qxd3 Ne5 24. Qd4 d5 25. c5 Rb8 26. Bf4 Nc6 27. Nxc6
Qxc6 28. Nb6 Bxf4 29. Qxf4 f6 30. Rd1 e5 31. Qf3 e4 32. Qb3 1-0

[Event "CAMPEONATO SUBZONAL 2.3.5"]
[Site "Duran"]
[Date "2012.03.08"]
[Round "5.14"]
[White "Joseph, Marcus"]
[Black "Croes, Octavio"]
[Result "1-0"]
[WhiteElo "2198"]
[BlackElo "1916"]
[PlyCount "53"]
[EventDate "2012.03.05"]

1. e4 c5 2. Nf3 Nc6 3. d4 cxd4 4. Nxd4 Nf6 5. Nc3 d6 6. Bc4 e6 7. Be3 Be7 8.
Qe2 O-O 9. O-O-O a6 10. Bb3 Qc7 11. Rhg1 b5 12. g4 b4 13. Nxc6 Qxc6 14. Nd5
Nxd5 15. exd5 Qc7 16. Kb1 a5 17. Bc4 Bd7 18. f4 Qd8 19. Bb3 e5 20. f5 g5 21. h4
h6 22. hxg5 hxg5 23. Qh2 Bf6 24. Rh1 Re8 25. Bxg5 Kf8 26. Qh6+ Bg7 27. Qxd6+
1-0

[Event "CAMPEONATO SUBZONAL 2.3.5"]
[Site "Duran"]
[Date "2012.03.08"]
[Round "5.15"]
[White "Fernandez, Francis"]
[Black "Azua Avila, Vicente"]
[Result "1-0"]
[WhiteElo "2315"]
[BlackElo "1875"]
[PlyCount "57"]
[EventDate "2012.03.05"]

1. d4 Nf6 2. c4 g6 3. Nc3 Bg7 4. e4 d6 5. f3 O-O 6. Be3 e5 7. d5 c6 8. Bd3 Nbd7
9. Nge2 a6 10. Qd2 cxd5 11. cxd5 Ne8 12. h4 Nc5 13. Bc2 b5 14. h5 b4 15. Na4
Qa5 16. Nxc5 dxc5 17. hxg6 fxg6 18. Bb3 Nd6 19. Rc1 c4 20. Bxc4 Nxc4 21. Rxc4
Qxa2 22. Rxb4 a5 23. Rb6 Ba6 24. O-O Rfd8 25. Rc1 Qa4 26. Rc7 Bf8 27. Nc3 Qa1+
28. Kh2 Rdb8 29. d6 1-0

[Event "CAMPEONATO SUBZONAL 2.3.5"]
[Site "Duran"]
[Date "2012.03.08"]
[Round "5.16"]
[White "Perdomo Araujo, Angel Edua"]
[Black "Merritt, Mario"]
[Result "0-1"]
[WhiteElo "1913"]
[BlackElo "2101"]
[PlyCount "50"]
[EventDate "2012.03.05"]

1. e4 c5 2. Nf3 Nc6 3. d4 cxd4 4. Nxd4 g6 5. Nc3 Bg7 6. Be3 Nf6 7. Bc4 Qa5 8.
f3 Qb4 9. Bb3 Nxe4 10. Nxc6 Bxc3+ 11. Kf1 dxc6 12. bxc3 Qxc3 13. Qd4 Qxd4 14.
Bxd4 Nf6 15. Re1 Be6 16. Bxe6 fxe6 17. Rxe6 Kf7 18. Re2 Rad8 19. Bc5 Rd1+ 20.
Re1 Rxe1+ 21. Kxe1 b6 22. Be3 Rd8 23. Ke2 Nd5 24. Ra1 Rd7 25. g3 Nc3+ 0-1

[Event "CAMPEONATO SUBZONAL 2.3.5"]
[Site "Duran"]
[Date "2012.03.08"]
[Round "5.17"]
[White "Crespo Hidalgo, Carlos"]
[Black "Galls Aguirre, Jorge"]
[Result "1-0"]
[WhiteElo "2038"]
[BlackElo "2034"]
[PlyCount "73"]
[EventDate "2012.03.05"]

1. d4 Nf6 2. c4 g6 3. Nc3 d5 4. Nf3 Bg7 5. Qb3 dxc4 6. Qxc4 O-O 7. e4 a6 8. Qd3
c5 9. d5 e6 10. d6 Nc6 11. Be3 Qa5 12. Nd2 Nd4 13. Nc4 Qd8 14. Bxd4 cxd4 15.
Qxd4 b5 16. Ne3 Ng4 17. Qb4 Nxe3 18. fxe3 Be5 19. O-O-O Bd7 20. Kb1 Qb6 21. Na4
Qxe3 22. Rd3 Qa7 23. Qc5 bxa4 24. Qxe5 Rab8 25. Qd4 Qb7 26. Rd2 Rfc8 27. Be2 a3
28. b3 a5 29. Rf1 a4 30. Bc4 Qb4 31. Ka1 Qb7 32. Rdf2 Rf8 33. bxa4 Qb4 34. Rd2
Bxa4 35. h4 Qa5 36. d7 Rbd8 37. Bxe6 1-0

[Event "CAMPEONATO SUBZONAL 2.3.5"]
[Site "Duran"]
[Date "2012.03.08"]
[Round "5.18"]
[White "Treu, Auke"]
[Black "Jerves Cordova, Carlos"]
[Result "1/2-1/2"]
[WhiteElo "2121"]
[BlackElo "1844"]
[PlyCount "75"]
[EventDate "2012.03.05"]

1. d4 Nf6 2. g3 g6 3. Bg2 Bg7 4. e4 d6 5. Bg5 c6 6. f3 O-O 7. Qd2 Nbd7 8. Ne2
Qb6 9. c3 e5 10. Na3 Qc7 11. Rc1 d5 12. O-O Re8 13. dxe5 Qxe5 14. f4 Qc7 15. e5
Ng4 16. Nd4 h6 17. Bh4 Ngxe5 18. fxe5 g5 19. Bxg5 hxg5 20. Qxg5 Nxe5 21. Qf4
Qd7 22. Rcd1 Ng6 23. Qf2 Qc7 24. Nac2 Bg4 25. Rde1 Rxe1 26. Rxe1 Qd7 27. Ne3
Re8 28. Nxg4 Rxe1+ 29. Qxe1 Bxd4+ 30. cxd4 Qxg4 31. Qc3 Ne7 32. Bf3 Qg7 33. g4
Nf5 34. Bxd5 Qxg4+ 35. Bg2 Nxd4 36. Qe3 Qd1+ 37. Bf1 Qg4+ 38. Bg2 1/2-1/2

[Event "CAMPEONATO SUBZONAL 2.3.5"]
[Site "Duran"]
[Date "2012.03.08"]
[Round "5.19"]
[White "Olvera Urena, Yasser"]
[Black "Winter-Roach, Alex"]
[Result "1-0"]
[WhiteElo "1865"]
[BlackElo "2075"]
[PlyCount "89"]
[EventDate "2012.03.05"]

1. e4 e5 2. Nf3 Nc6 3. d4 exd4 4. Nxd4 Nf6 5. Nxc6 bxc6 6. e5 Qe7 7. Qe2 Nd5 8.
c4 Ba6 9. Qe4 Nf6 10. Qe2 Nd5 11. Qe4 Nb6 12. Bd3 Qe6 13. b3 Bb4+ 14. Bd2 Bxd2+
15. Nxd2 Qh6 16. Qg4 d5 17. exd6 cxd6 18. Qe4+ Qe6 19. O-O-O Qxe4 20. Nxe4
O-O-O 21. Ng5 Rhf8 22. Nxh7 Rfe8 23. Ng5 Re7 24. Rhe1 Rde8 25. Kd2 Kd8 26. Rxe7
Rxe7 27. Re1 Rxe1 28. Kxe1 Ke7 29. Kd2 Bc8 30. Ke3 f6 31. Nf3 d5 32. c5 Na8 33.
Nd4 Bd7 34. Ba6 Nc7 35. Bb7 a6 36. Bxc6 Bc8 37. b4 g5 38. a4 f5 39. g3 Kf6 40.
b5 axb5 41. axb5 Ke5 42. Nf3+ Kf6 43. Kd4 f4 44. b6 Ne6+ 45. Kxd5 1-0

[Event "CAMPEONATO SUBZONAL 2.3.5"]
[Site "Duran"]
[Date "2012.03.08"]
[Round "6.1"]
[White "Pazos Gambarrotti, Plinio"]
[Black "Guerra Tulcan, Lenin"]
[Result "1/2-1/2"]
[WhiteElo "2267"]
[BlackElo "2421"]
[PlyCount "49"]
[EventDate "2012.03.05"]

1. e4 e5 2. Nf3 Nc6 3. Bb5 a6 4. Ba4 Nf6 5. O-O Be7 6. Re1 b5 7. Bb3 O-O 8. c3
d5 9. exd5 Nxd5 10. Nxe5 Nxe5 11. Rxe5 c6 12. d4 Bd6 13. Re1 Qh4 14. g3 Qh3 15.
Be3 Bg4 16. Qd3 Rae8 17. Nd2 Qh5 18. a4 Re6 19. axb5 axb5 20. Nf1 Bf5 21. Qd2
Bh3 22. Bd1 Qg6 23. Bc2 Qh5 24. Bd1 Qg6 25. Bc2 1/2-1/2

[Event "CAMPEONATO SUBZONAL 2.3.5"]
[Site "Duran"]
[Date "2012.03.08"]
[Round "6.2"]
[White "Saltos Velez, Adrian"]
[Black "Vazquez Reyes, Raul"]
[Result "1/2-1/2"]
[WhiteElo "2152"]
[BlackElo "2302"]
[PlyCount "125"]
[EventDate "2012.03.05"]

1. e4 c5 2. Nf3 d6 3. c3 Nf6 4. Be2 g6 5. O-O Bg7 6. Bb5+ Nc6 7. d4 O-O 8. d5
Na5 9. Nbd2 a6 10. Bd3 b5 11. h3 e6 12. dxe6 Bxe6 13. a4 Qb6 14. Qe2 c4 15. Bc2
Nc6 16. Rd1 d5 17. Nf1 Nxe4 18. Bxe4 dxe4 19. Qxe4 Bf5 20. Qh4 Ne5 21. Nxe5
Bxe5 22. Bh6 Rfd8 23. axb5 axb5 24. Rxa8 Rxa8 25. Ne3 Qf6 26. Qxf6 Bxf6 27.
Nxf5 gxf5 28. Rd5 b4 29. Rxf5 bxc3 30. bxc3 Bxc3 31. Rc5 Bb2 32. Rxc4 Kh8 33.
g3 Bg7 34. Bf4 h6 35. Rc7 Kg8 36. Rb7 Ra6 37. Kg2 Re6 38. Be3 Rg6 39. f4 Rc6
40. Kf3 Bf6 41. Rb6 Rxb6 42. Bxb6 Bc3 43. Ke4 Be1 44. g4 Bh4 45. Bd4 Be7 46.
Kf5 Bd8 47. Bf6 Bb6 48. Be7 Be3 49. h4 Bd4 50. Bf6 Bf2 51. h5 Be3 52. Be5 Bb6
53. Bd6 Bd8 54. Bc5 Kg7 55. Bd4+ Kg8 56. Ke4 Be7 57. Kd5 Bd8 58. Kd6 Bh4 59.
Kd7 Be1 60. Kc8 Bd2 61. Be5 Be3 62. Kd7 Bb6 63. Ke7 1/2-1/2

[Event "CAMPEONATO SUBZONAL 2.3.5"]
[Site "Duran"]
[Date "2012.03.08"]
[Round "6.3"]
[White "Munoz Sanchez, Jhon"]
[Black "Ynojosa, Felix Jose"]
[Result "0-1"]
[WhiteElo "2216"]
[BlackElo "2300"]
[PlyCount "90"]
[EventDate "2012.03.05"]

1. d4 Nf6 2. c4 e6 3. Nf3 b6 4. g3 Bb7 5. Bg2 c5 6. d5 exd5 7. Nh4 g6 8. Nc3
Bg7 9. O-O O-O 10. Nxd5 Bxd5 11. Bxd5 Nxd5 12. Qxd5 Nc6 13. Nf3 Re8 14. Re1 Qf6
15. a3 Na5 16. Rb1 Qe6 17. b3 Qxd5 18. cxd5 c4 19. bxc4 Nxc4 20. Rb3 Rac8 21.
Bf4 h6 22. h4 Re4 23. Rc1 Rc5 24. Rb4 Bf8 25. Ne5 Rxe5 26. Rbxc4 Rexd5 27. a4
h5 28. Bb8 a5 29. Bc7 Rxc4 30. Rxc4 Rc5 31. Rxc5 Bxc5 32. Be5 Kf8 33. Bf6 d6
34. Kg2 Ke8 35. Kf3 Kd7 36. e3 Ke6 37. Bd8 Kd5 38. Kf4 Kc4 39. Kg5 Kb4 40. Kf6
Kxa4 41. Kxf7 Kb3 42. Bf6 a4 43. Kxg6 a3 44. g4 hxg4 45. h5 Bxe3 0-1

[Event "CAMPEONATO SUBZONAL 2.3.5"]
[Site "Duran"]
[Date "2012.03.08"]
[Round "6.4"]
[White "Infante, Miguel"]
[Black "Barros Rivadeneira, Cristhian"]
[Result "1-0"]
[WhiteElo "2314"]
[BlackElo "2122"]
[PlyCount "69"]
[EventDate "2012.03.05"]

1. d4 Nf6 2. c4 g6 3. Nc3 Bg7 4. e4 d6 5. Nf3 O-O 6. Be2 e5 7. O-O Nc6 8. dxe5
dxe5 9. Qxd8 Nxd8 10. Be3 Bg4 11. Rfd1 Ne6 12. h3 Bxf3 13. Bxf3 c6 14. g4 h6
15. Rd2 Rfe8 16. Na4 Bf8 17. h4 b6 18. Kg2 Kg7 19. Kg3 c5 20. Nc3 Rad8 21. Nd5
Nxd5 22. cxd5 Nd4 23. g5 h5 24. Bg2 Bd6 25. Rc1 Rc8 26. b3 b5 27. f4 b4 28.
fxe5 Bxe5+ 29. Bf4 f6 30. gxf6+ Kxf6 31. Bh3 Rc7 32. Rxd4 cxd4 33. Bxe5+ Kxe5
34. Rxc7 Kxe4 35. d6 1-0

[Event "CAMPEONATO SUBZONAL 2.3.5"]
[Site "Duran"]
[Date "2012.03.08"]
[Round "6.5"]
[White "Abreu Jean, Carlos Paul"]
[Black "Aucay Pelaez, Mauro"]
[Result "1/2-1/2"]
[WhiteElo "2211"]
[BlackElo "2258"]
[PlyCount "107"]
[EventDate "2012.03.05"]

1. d4 Nf6 2. Nf3 e6 3. e3 c5 4. Bd3 b6 5. O-O Be7 6. c4 Bb7 7. Nbd2 d6 8. b3
O-O 9. Bb2 Qc7 10. Ng5 Nbd7 11. f4 cxd4 12. exd4 g6 13. Qe2 Rfe8 14. Rae1 Bf8
15. Ndf3 h6 16. Nh3 Bg7 17. Kh1 a6 18. Rc1 Bc6 19. Rfe1 Qb7 20. Nh4 Nf8 21. Kg1
b5 22. c5 Rad8 23. Bb1 Nd5 24. Qf2 Nf6 25. Qe2 b4 26. Nf2 Nd5 27. Ne4 dxc5 28.
dxc5 Nxf4 29. Qf2 Bxb2 30. Qxb2 Bxe4 31. Bxe4 Qe7 32. Nf3 Nd3 33. Bxd3 Rxd3 34.
Ne5 Rd5 35. c6 f6 36. Nf3 Rc8 37. Rc4 e5 38. Qc2 Kg7 39. Rd1 Rxd1+ 40. Qxd1 Ne6
41. Nh4 f5 42. Nf3 Ng5 43. Nxg5 hxg5 44. h3 Qe6 45. Qe1 a5 46. Qe3 Kf6 47. c7
e4 48. Qd4+ Kf7 49. Rc5 e3 50. Re5 Qc6 51. Rc5 Qe6 52. Re5 Qc6 53. Rc5 Qe6 54.
Re5 1/2-1/2

[Event "CAMPEONATO SUBZONAL 2.3.5"]
[Site "Duran"]
[Date "2012.03.08"]
[Round "6.6"]
[White "Puntier, William"]
[Black "Zavarce, Oscar Enrique"]
[Result "1-0"]
[WhiteElo "2343"]
[BlackElo "2190"]
[PlyCount "67"]
[EventDate "2012.03.05"]

1. e4 c5 2. Nf3 e6 3. d4 cxd4 4. Nxd4 a6 5. Bd3 Bc5 6. Nb3 Be7 7. Be3 Nc6 8.
N1d2 Nf6 9. f4 d6 10. c3 e5 11. f5 g6 12. O-O gxf5 13. exf5 Nd5 14. Bh6 Bf8 15.
Bc4 Bxh6 16. Bxd5 Bf8 17. Qh5 Qb6+ 18. Kh1 Nd8 19. Ne4 Be7 20. Nbd2 Qa5 21. Bb3
b5 22. a4 Qc7 23. axb5 Bb7 24. bxa6 Rxa6 25. Rxa6 Bxa6 26. Ra1 Bb7 27. f6 Bf8
28. Ng3 d5 29. Ra7 Bd6 30. Nf5 Bc5 31. Ng7+ Kd7 32. Qg4+ Kc6 33. Qa4+ Kd6 34.
Ne4+ 1-0

[Event "CAMPEONATO SUBZONAL 2.3.5"]
[Site "Duran"]
[Date "2012.03.08"]
[Round "6.7"]
[White "Palma Moscoso, Alvaro Dario"]
[Black "Hernandez, Alexander"]
[Result "1-0"]
[WhiteElo "2126"]
[BlackElo "2290"]
[PlyCount "151"]
[EventDate "2012.03.05"]

1. e4 e5 2. Nf3 Nc6 3. Bb5 a6 4. Ba4 Nf6 5. d3 b5 6. Bb3 Be7 7. O-O d6 8. c3
O-O 9. Nbd2 Na5 10. Bc2 c5 11. Re1 Nc6 12. Nf1 h6 13. Ng3 Nh7 14. Be3 Ng5 15.
Nxg5 Bxg5 16. Qd2 Bxe3 17. Rxe3 Be6 18. Rf1 b4 19. f4 bxc3 20. bxc3 exf4 21.
Rxf4 Rb8 22. Nf5 Bxf5 23. Rxf5 Ne7 24. Rf1 c4 25. d4 Ng6 26. Bd1 Rb1 27. Be2
Rxf1+ 28. Bxf1 d5 29. Qe2 Re8 30. exd5 Rxe3 31. Qxe3 Qxd5 32. Qe2 Nf4 33. Qxc4
Qe4 34. Qxa6 Qe3+ 35. Kh1 Qxc3 36. d5 g6 37. d6 Qd4 38. a4 h5 39. a5 h4 40. Qb6
Qd1 41. Kg1 h3 42. d7 Qxd7 43. Qb8+ Kg7 44. Qxf4 Qa7+ 45. Qf2 Qxa5 46. g4 Qc3
47. Be2 Qc1+ 48. Qf1 Qe3+ 49. Kh1 f5 50. Bf3 fxg4 51. Bxg4 Qe4+ 52. Bf3 Qf5 53.
Qd1 g5 54. Qd4+ Qf6 55. Qxf6+ Kxf6 56. Kg1 g4 57. Bb7 Ke5 58. Kf2 Kf4 59. Bc6
Kg5 60. Kg3 Kg6 61. Kf4 Kf6 62. Be4 Ke6 63. Bd3 Kf7 64. Bf5 Kg7 65. Kg5 Kf7 66.
Bg6+ Kf8 67. Kh6 Ke7 68. Bf5 Kf7 69. Kh7 Kf6 70. Bxg4 Kg5 71. Bxh3 Kh5 72. Bg2
Kg5 73. h3 Kh5 74. Bf3+ Kg5 75. Bg4 Kf4 76. Kg6 1-0

[Event "CAMPEONATO SUBZONAL 2.3.5"]
[Site "Duran"]
[Date "2012.03.08"]
[Round "6.8"]
[White "Mazara, Adan"]
[Black "Lopez, Jasel"]
[Result "0-1"]
[WhiteElo "2289"]
[BlackElo "2138"]
[PlyCount "130"]
[EventDate "2012.03.05"]

1. d4 Nf6 2. c4 e6 3. Nf3 b6 4. g3 Bb7 5. Bg2 Be7 6. O-O O-O 7. Re1 c5 8. d5
exd5 9. Nh4 Re8 10. Nf5 Bf8 11. Nc3 Na6 12. cxd5 d6 13. e4 g6 14. Nh6+ Kg7 15.
Bg5 Be7 16. Qf3 Rf8 17. e5 Ng8 18. Bxe7 Qxe7 19. exd6 Qxd6 20. Ne4 Qd8 21. Nxg8
Kxg8 22. Qf4 Nb4 23. Rad1 Nc2 24. Re2 Nd4 25. Re3 f6 26. Nc3 g5 27. Qe4 Re8 28.
Qd3 Qd7 29. Rde1 a5 30. Qd1 Kg7 31. Qh5 Qf7 32. Qxf7+ Kxf7 33. d6 Bxg2 34. Re7+
Rxe7 35. Rxe7+ Kg6 36. Kxg2 Rd8 37. d7 b5 38. Nd5 Nc6 39. Re6 Rxd7 40. Nxf6 Nd4
41. Ra6 Re7 42. Ne4+ Re6 43. Nxc5 Rxa6 44. Nxa6 Kf5 45. f3 Ke6 46. Nc5+ Kd5 47.
Ne4 Kc4 48. Nf2 Ne2 49. Kf1 Nc1 50. a3 Kb3 51. f4 gxf4 52. gxf4 Kxb2 53. f5 Nb3
54. f6 Nd4 55. f7 Ne6 56. Ke2 Kxa3 57. Kd3 b4 58. Ne4 b3 59. Nd2 Ka2 60. h4 h5
61. Kc4 b2 62. Kd5 Nf8 63. Kd6 b1=Q 64. Nxb1 Kxb1 65. Ke7 Nh7 0-1

[Event "CAMPEONATO SUBZONAL 2.3.5"]
[Site "Duran"]
[Date "2012.03.08"]
[Round "6.9"]
[White "Reinozo Trelles, Eduardo"]
[Black "Martinez Reyes, Pedro Ramon"]
[Result "0-1"]
[WhiteElo "1920"]
[BlackElo "2200"]
[PlyCount "68"]
[EventDate "2012.03.05"]

1. e4 c5 2. Nf3 Nc6 3. d4 cxd4 4. Nxd4 g6 5. Nc3 Bg7 6. Be3 Nf6 7. Bc4 O-O 8.
Bb3 a5 9. O-O d6 10. f3 Nxd4 11. Bxd4 Bd7 12. a4 Bc6 13. Ra3 Nd7 14. Bxg7 Kxg7
15. f4 Qb6+ 16. Kh1 Qc5 17. f5 Qe5 18. Re1 Nf6 19. Qe2 h5 20. Bc4 Ng4 21. g3
Qxf5 22. Bd5 Qe5 23. Rb3 Nf6 24. Bxc6 bxc6 25. Nd1 Rab8 26. Re3 Ng4 27. Rf3 Rb4
28. b3 h4 29. Rf4 Nf6 30. Nf2 hxg3 31. Nd3 Qg5 32. Nxb4 Qxf4 33. Nd3 Qh4 34.
Kg1 Rh8 0-1

[Event "CAMPEONATO SUBZONAL 2.3.5"]
[Site "Duran"]
[Date "2012.03.08"]
[Round "6.10"]
[White "Palacios Zambrano, Victor"]
[Black "Fernandez, Francis"]
[Result "0-1"]
[WhiteElo "2074"]
[BlackElo "2315"]
[PlyCount "78"]
[EventDate "2012.03.05"]

1. Nf3 Nf6 2. g3 b6 3. Bg2 Bb7 4. O-O e6 5. d4 c5 6. c3 Be7 7. Nbd2 cxd4 8.
cxd4 O-O 9. Re1 d6 10. e4 Nc6 11. a3 Rc8 12. b4 d5 13. e5 Ne4 14. Bb2 f5 15.
exf6 Bxf6 16. Nxe4 dxe4 17. Ne5 Bxe5 18. dxe5 Qg5 19. Bxe4 Rcd8 20. Qb3 Qd2 21.
Rf1 Nd4 22. Bxd4 Bxe4 23. Rad1 Qe2 24. Qe3 Qg4 25. h3 Qg6 26. f4 Bb7 27. Rd2
Rd7 28. Kh2 Rfd8 29. Rfd1 h5 30. a4 Rd5 31. Rf2 Qf5 32. Rb2 Qf7 33. b5 Ba8 34.
Rc2 Bb7 35. Rc4 Qd7 36. f5 Rc5 37. fxe6 Qxe6 38. Rb4 Rc2+ 39. Rd2 Qd5 0-1